The Mango Atlas/ (Record no. 200783)

MARC details
000 -LEADER
fixed length control field 00548nam a22001817a 4500
005 - DATE AND TIME OF LATEST TRANSACTION
control field 20240215125320.0
010 ## - LCCN (DPL NO)
LC control number ENG-139277
020 ## - INTERNATIONAL STANDARD BOOK NUMBER
International Standard Book Number 978-81-937464-2-4
Terms of availability 800.00/
035 ## - SYSTEM CONTROL NUMBER
System control number EN-122809
037 ## - SOURCE OF ACQUISITION
Source of stock number/acquisition DBAD/PUB
082 ## - DEWEY DECIMAL CLASSIFICATION NUMBER
Classification number 634.573
245 ## - TITLE STATEMENT
Title The Mango Atlas/
260 ## - PUBLICATION, DISTRIBUTION, ETC. (IMPRINT)
Place of publication, distribution, etc Maharashtra
Name of publisher, distributor, etc Director of extension education
Date of publication, distribution, etc 2018
270 ## - ADDRESS
Address Dapoli , Ratanagiri ,
City Maharashtra
300 ## - PHYSICAL DESCRIPTION
Extent 193 p.
Dimensions 23cm(pbk)
700 ## - ADDED ENTRY--PERSONAL NAME
9 (RLIN) 62108
Personal name DR . Balasaheb Sawant konkan krishi vidyapeeth
942 ## - ADDED ENTRY ELEMENTS (KOHA)
Source of classification or shelving scheme Dewey Decimal Classification
Item type English Books
Classification part 634.573
Edition 2018
Holdings
Withdrawn status Lost status Not for loan Collection code Home library Current library Date acquired Source of acquisition Cost, normal purchase price Full call number Barcode Copy number Cost, replacement price Koha item type
    Not For Loan Reference Sarojini Nagar Sarojini Nagar 15/02/2024 DBAD/PUB 800.00 634.573 EN- 122809 1 800.00 English Books

© Delhi Public Library
Hit Counter
free hit counter